| 000 | 01014cab a2200265 4500 | ||
|---|---|---|---|
| 001 | WB3410-52 | ||
| 008 | 090401t1998 xxu||||| |||| 00| 0 eng d | ||
| 035 | _a(Sirsi) u84788 | ||
| 041 | _aeng | ||
| 245 | _aNegligence | ||
| 260 | _c1998 | ||
| 350 | _a0 | ||
| 490 |
_aEstates Gazette Case Summaries _v[1998] EGCS 34, 7/3/98 |
||
| 520 | _a"Arab Bank plc v John D Wood (Commercial) Ltd and others" QBD 20 February 1998. Bank required an urgent confirmatory valuation of an industrial estate let under a variety of tenancies. Earlier valuation was £22m. The defendant valued at £19m against `correct` figure of £16m. Discrepancy due to over optimistic assessment of future rents. Negligence claim dismissed. | ||
| 650 | _aBANK | ||
| 650 | _aCONFIRMATORY VALUATIONS | ||
| 650 | _aINDUSTRIAL ESTATE | ||
| 650 | _aNEGLIGENCE | ||
| 650 |
_aValuation _96273 |
||
| 650 | _aVALUERS | ||
| 650 | _aWEATHERALL GREEN & SMITH | ||
| 690 | _aRATING AND VALUATION-CASE LAW | ||
| 942 | _n0 | ||
| 948 | _c11/03/1998 | ||
| 999 |
_c53317 _d53317 |
||